Hip Hop Album Cover #2 - Statistics

General Stats
  • This quiz has been taken 198 times
  • The average score is 8 of 16
Answer Stats
Picture Answer % Correct
Kanye West - My Beautiful Dark Twisted Fantasy
85%
Eminem - The Eminem Show
80%
Playboy Carti - Whole Lotta Red
69%
Kendrick Lamar - Good Kid, M.A.A.D. City
67%
MF DOOM - Mm..Food
65%
Madvillain - Madvillainy
61%
J Cole - 2014 Forest Hills Drive
59%
Mobb Deep - The Infamous
42%
J Dilla - Donuts
41%
2Pac - Me Against the World
37%
Lil Wayne - The Carter III
37%
Nas - It Was Written
36%
Fugees - The Score
25%
Ice Cube - AmeriKKKa‘s Most Wanted
22%
Beastie Boys - Licensed to Ill
13%
Eazy-E - Eazy-Duz-It
13%
No matching quizzes found
Score Distribution
Percent of People with Each Score
Percentile by Number Answered
Your Score History
You have not taken this quiz